[Event "ChT Corsica 2007"]
[Site "Porticcio"]
[Date "2007.03.18"]
[Round "1.1"]
[White "Autran, Yann"]
[Black "Maes, Christophe"]
[Result "1-0"]
[WhiteElo "1997"]
[BlackElo "1510"]
[PlyCount "59"]
[EventDate "18.??.??"]
[WhiteTeam "Corsica Chess Club 1"]
[BlackTeam "Casinca 2"]

1. e4 e5 2. Nf3 Nc6 3. Bb5 a6 4. Ba4 d6 5. c3 h6 6. h3 Be7 7. d3 Bd7 8. Nbd2
Bg5 9. Nf1 Bxc1 10. Rxc1 Nf6 11. Ng3 g6 12. Qd2 Qe7 13. Qe3 d5 14. O-O Qd6 15.
Bxc6 Bxc6 16. exd5 Nxd5 17. Qxe5+ Qxe5 18. Nxe5 Bd7 19. Nxd7 Kxd7 20. Ne4 f5
21. Nc5+ Kc6 22. d4 Rhe8 23. Nd3 Nf6 24. Ne5+ Kb6 25. Nxg6 Re2 26. Rfe1 Rxe1+
27. Rxe1 Ne4 28. Ne7 Rf8 29. Nxf5 Nd2 30. Nxh6 1-0

[Event "ChT Corsica 2007"]
[Site "Porticcio"]
[Date "2007.03.18"]
[Round "1.2"]
[White "Pellerin, Gerard"]
[Black "Battesti, Saveriu"]
[Result "0-1"]
[WhiteElo "1280"]
[BlackElo "1913"]
[PlyCount "74"]
[EventDate "18.??.??"]
[WhiteTeam "Casinca 2"]

1. e4 c5 2. Nf3 Nc6 3. Bb5 a6 4. Bc4 e6 5. d3 d5 6. exd5 exd5 7. Bb3 Bg4 8. Nc3
Nf6 9. Bg5 Nd4 10. Bxd5 h6 11. Bxf6 Qxf6 12. Qd2 Bxf3 13. gxf3 Nxf3+ 14. Bxf3
Qxf3 15. Qe3+ Qxe3+ 16. fxe3 O-O-O 17. O-O-O f5 18. Rhf1 g6 19. e4 fxe4 20.
dxe4 Bg7 21. Nd5 Rde8 22. Nb6+ Kc7 23. Nd5+ Kb8 24. Rf7 Be5 25. h3 Rhf8 26.
Rdf1 Bd6 27. R7f3 Rxf3 28. Rxf3 Rxe4 29. Rf6 Be5 30. Re6 Bxb2+ 31. Kxb2 Rxe6
32. Nf4 Re3 33. Nxg6 Rxh3 34. c3 h5 35. Kb3 b5 36. Nf4 Rh1 37. Nd3 c4+ 0-1

[Event "ChT Corsica 2007"]
[Site "Porticcio"]
[Date "2007.03.18"]
[Round "1.1"]
[White "Dehainault, Christian"]
[Black "Degoirat, Julien"]
[Result "0-1"]
[WhiteElo "1680"]
[BlackElo "2163"]
[PlyCount "36"]
[EventDate "18.??.??"]
[WhiteTeam "Echecs Club du Fium'Orbu 1"]
[BlackTeam "Balagna Chess Club 1"]

1. Nf3 d5 2. g3 Nf6 3. d4 e6 4. Bg2 b6 5. O-O Bb7 6. Nbd2 Be7 7. c4 Nbd7 8. Qc2
O-O 9. Ng5 h6 10. Nh3 c5 11. e4 cxd4 12. exd5 exd5 13. cxd5 Bxd5 14. Ne4 Nxe4
15. Bxe4 Rc8 16. Qd3 Nc5 17. Qxd4 Bxe4 18. Qc3 Qd3 0-1

[Event "ChT Corsica 2007"]
[Site "Porticcio"]
[Date "2007.03.18"]
[Round "1.2"]
[White "Vilaisarn, Akkhavanh"]
[Black "Filippini, Herve"]
[Result "1-0"]
[WhiteElo "2205"]
[BlackElo "1610"]
[PlyCount "42"]
[EventDate "18.??.??"]
[WhiteTeam "Balagna Chess Club 1"]

1. e4 e5 2. f4 exf4 3. Be2 g5 4. h4 Bg7 5. hxg5 Qxg5 6. Nf3 Qg3+ 7. Kf1 Nc6 8.
Qe1 d6 9. d3 Nd4 10. Nxd4 Bxd4 11. c3 Qxe1+ 12. Kxe1 Bg7 13. Bxf4 Nf6 14. Na3
Bd7 15. Kd2 O-O-O 16. Raf1 Rdf8 17. Bg5 Ng4 18. Be7 Re8 19. Rxf7 Bh6+ 20. Ke1
Ne5 21. Rff1 Be6 1-0

[Event "ChT Corsica 2007"]
[Site "Porticcio"]
[Date "2007.03.18"]
[Round "1.3"]
[White "Stolfi, Marie-Noelle"]
[Black "Campana, Marc-Antoine"]
[Result "0-1"]
[WhiteElo "1590"]
[BlackElo "1791"]
[PlyCount "40"]
[EventDate "18.??.??"]
[WhiteTeam "Echecs Club du Fium'Orbu 1"]
[BlackTeam "Balagna Chess Club 1"]

1. e4 c5 2. c4 Nc6 3. Nf3 d6 4. Nc3 Nf6 5. Be2 g6 6. d3 Bg7 7. Bd2 O-O 8. Qc1
Re8 9. Bh6 Bh8 10. Qd2 a6 11. h3 Rb8 12. Nh2 b5 13. O-O bxc4 14. Rab1 cxd3 15.
Bxd3 d5 16. f3 dxe4 17. Nxe4 Nxe4 18. fxe4 Qd4+ 19. Qf2 Qxf2+ 20. Rxf2 Bd4 0-1

[Event "ChT Corsica 2007"]
[Site "Porticcio"]
[Date "2007.03.18"]
[Round "1.4"]
[White "Vanschamelhout, Julien"]
[Black "Meresse, Jack-Francois"]
[Result "1-0"]
[WhiteElo "1730"]
[BlackElo "1520"]
[PlyCount "41"]
[EventDate "18.??.??"]
[WhiteTeam "Balagna Chess Club 1"]

1. e4 e5 2. Nf3 Nf6 3. Nxe5 Qe7 4. d4 d6 5. Nf3 Nxe4 6. Be2 g6 7. Nc3 Nxc3 8.
bxc3 Bg4 9. O-O Bg7 10. Bb5+ c6 11. Re1 Be6 12. Bc4 d5 13. Bd3 O-O 14. a4 Qd7
15. Ne5 Bxe5 16. Rxe5 Re8 17. Bg5 Qd6 18. Qf3 Nd7 19. Bf4 Nxe5 20. Bxe5 Qf8 21.
Qf6 1-0

[Event "ChT Corsica 2007"]
[Site "?"]
[Date "2007.03.18"]
[Round "1.1"]
[White "Cristofari, Antoine"]
[Black "Leibenguth, Jean"]
[Result "1-0"]
[WhiteElo "2128"]
[BlackElo "1650"]
[PlyCount "41"]
[EventDate "18.??.??"]
[WhiteTeam "Echecs Club Ajaccien 1"]
[BlackTeam "Balagna Chess Club 2"]

1. e4 e5 2. Nf3 Nc6 3. d4 exd4 4. Nxd4 Nf6 5. Nxc6 bxc6 6. e5 Nd5 7. c4 Bb4+ 8.
Nd2 Nb6 9. Bd3 Qh4 10. O-O Bxd2 11. Qxd2 Nxc4 12. Qb4 Ba6 13. b3 Qd4 14. Bxc4
Bxc4 15. Ba3 c5 16. Qxc4 O-O 17. Qxd4 cxd4 18. Bxf8 Kxf8 19. Rac1 c6 20. Rfd1
Re8 21. f4 1-0

[Event "ChT Corsica 2007"]
[Site "?"]
[Date "2007.03.18"]
[Round "1.2"]
[White "Leveque, Christophe"]
[Black "Bicchierai, Gregory"]
[Result "0-1"]
[WhiteElo "1640"]
[BlackElo "2065"]
[PlyCount "66"]
[EventDate "18.??.??"]
[WhiteTeam "Balagna Chess Club 2"]

1. d4 Nf6 2. Nf3 e6 3. e3 b6 4. Bd3 Bb7 5. Nbd2 c5 6. O-O Nc6 7. b3 Rc8 8. a3
Be7 9. Bb2 d6 10. Rc1 O-O 11. c4 Qc7 12. d5 exd5 13. Bxf6 Bxf6 14. cxd5 Ne7 15.
e4 Ng6 16. Nc4 Nf4 17. Bb1 b5 18. Ne3 Qd7 19. Qc2 g6 20. Rfe1 c4 21. b4 Nd3 22.
Nf1 Rfe8 23. Re2 Nxc1 24. Qxc1 c3 25. Ng3 a5 26. Qh6 Bg7 27. Qh4 Qe7 28. Qg4
axb4 29. axb4 Rc4 30. Qh3 Bc8 31. Qh4 Qxh4 32. Nxh4 Rxb4 33. Re1 Rb2 0-1

[Event "ChT Corsica 2007"]
[Site "?"]
[Date "2007.03.18"]
[Round "1.3"]
[White "Bellicou, Dominique"]
[Black "Wojnowski, Jaroslaw"]
[Result "1-0"]
[WhiteElo "2080"]
[BlackElo "1560"]
[PlyCount "39"]
[EventDate "18.??.??"]
[WhiteTeam "Echecs Club Ajaccien 1"]
[BlackTeam "Balagna Chess Club 2"]

1. e4 d6 2. d4 Nf6 3. Bd3 g6 4. e5 dxe5 5. dxe5 Nfd7 6. Nf3 Nc6 7. Qe2 Bg7 8.
Bf4 O-O 9. Nc3 f6 10. Bc4+ Kh8 11. O-O-O Qe8 12. e6 Nde5 13. Nb5 Na5 14. Nxe5
Nxc4 15. Nxc7 Qa4 16. Qxc4 Qxc4 17. Nxc4 g5 18. Bg3 f5 19. Be5 a6 20. Nxa8 1-0

[Event "ChT Corsica 2007"]
[Site "?"]
[Date "2007.03.18"]
[Round "1.4"]
[White "Tinomano, Johann"]
[Black "Grimaldi, Antoine"]
[Result "0-1"]
[WhiteElo "1520"]
[BlackElo "2050"]
[PlyCount "36"]
[EventDate "18.??.??"]
[WhiteTeam "Balagna Chess Club 2"]

1. e4 e5 2. Nf3 Nc6 3. Nc3 Nf6 4. Bc4 Bc5 5. d3 d6 6. Bd2 h6 7. Bb5 O-O 8. h3
Be6 9. O-O Ne7 10. Na4 Bb6 11. Nxb6 axb6 12. c4 Ng6 13. Ba4 Nh5 14. Bc2 Nhf4
15. Bxf4 Nxf4 16. h4 Bg4 17. g3 Ne6 18. Kg2 Nd4 0-1

[Event "ChT Corsica 2007"]
[Site "Porticcio"]
[Date "2007.03.18"]
[Round "1.1"]
[White "Rataud, Didier"]
[Black "Graziani, Virginie"]
[Result "1-0"]
[WhiteElo "1970"]
[BlackElo "1600"]
[PlyCount "43"]
[EventDate "18.??.??"]
[WhiteTeam "Tour du Nebbiu"]
[BlackTeam "Corsica Chess Club Féminines"]

1. e4 e5 2. Nf3 Nc6 3. Bb5 d6 4. d4 Bd7 5. O-O Nf6 6. Bg5 Be7 7. Nc3 O-O 8. Re1
Bg4 9. Bxc6 bxc6 10. dxe5 dxe5 11. Qxd8 Raxd8 12. Nxe5 Rfe8 13. Bxf6 Bxf6 14.
Nxg4 Bxc3 15. bxc3 Rd2 16. Ne3 Red8 17. Rab1 f5 18. exf5 a5 19. a4 R8d7 20.
Rb8+ Kf7 21. Nc4 Rd8 22. Rxd8 1-0

[Event "ChT Corsica 2007"]
[Site "Porticcio"]
[Date "2007.03.18"]
[Round "1.2"]
[White "Mencacci, Tiphanie"]
[Black "Sauvonnet, Valery"]
[Result "0-1"]
[WhiteElo "1567"]
[BlackElo "1850"]
[PlyCount "62"]
[EventDate "18.??.??"]
[WhiteTeam "Corsica Chess Club Féminines"]

1. e4 d5 2. exd5 Nf6 3. Nc3 Nxd5 4. Bc4 e6 5. Nf3 Nc6 6. Qe2 Nb6 7. Bb5 Bd7 8.
O-O a6 9. Bxc6 Bxc6 10. d3 Nd5 11. Ne5 Nxc3 12. bxc3 Qd5 13. Nf3 Bd6 14. c4 Qh5
15. h3 Bxf3 16. Qxf3 Qe5 17. Bf4 Qxf4 18. Qxf4 Bxf4 19. Rfe1 O-O-O 20. Rab1
Rhe8 21. g3 Bd2 22. Red1 Bc3 23. Rb3 Bd4 24. Rdb1 b6 25. Ra3 a5 26. Re1 e5 27.
Rb3 f5 28. Rbb1 e4 29. Re2 exd3 30. Rxe8 Rxe8 31. cxd3 Re2 0-1

[Event "ChT Corsica 2007"]
[Site "Porticcio"]
[Date "2007.03.18"]
[Round "1.3"]
[White "Merle, Serge"]
[Black "Querci, Claude"]
[Result "1-0"]
[WhiteElo "1420"]
[BlackElo "1290"]
[PlyCount "85"]
[EventDate "18.??.??"]
[WhiteTeam "Tour du Nebbiu"]
[BlackTeam "Corsica Chess Club Féminines"]

1. f4 e5 2. fxe5 d6 3. e6 Bxe6 4. Nf3 g5 5. g3 d5 6. d4 Bd6 7. Bxg5 f6 8. Bh4
Nc6 9. e3 a6 10. Nbd2 Qe7 11. Qe2 Nh6 12. Bg2 Nf5 13. c4 dxc4 14. Ne4 Bb4+ 15.
Kf2 Nxh4 16. Nxh4 O-O-O 17. a3 Ba5 18. Nc5 Bd7 19. Qxc4 Bd2 20. Qb3 Na5 21.
Bxb7+ Kb8 22. Qd3 Bb5 23. Qxd2 Nxb7 24. Qb4 Nxc5 25. dxc5 Rd5 26. a4 Rxc5 27.
Qb3 Rd8 28. Rad1 Ka7 29. axb5 Rxb5 30. Rxd8 Qxd8 31. Qa4 Qd2+ 32. Kf3 Qd5+ 33.
Qe4 f5 34. Qxd5 Rxd5 35. g4 fxg4+ 36. Kxg4 Rb5 37. Kf4 Kb6 38. Nf5 Rb4+ 39. Nd4
Ra4 40. h4 c5 41. Ke5 cxd4 42. exd4 Kc6 43. Rc1+ 1-0

[Event "ChT Corsica 2007"]
[Site "Porticcio"]
[Date "2007.03.18"]
[Round "1.4"]
[White "Cesari, Cathy"]
[Black "Hebert, Jean-Francois"]
[Result "0-1"]
[WhiteElo "1180"]
[BlackElo "1480"]
[PlyCount "90"]
[EventDate "18.??.??"]
[WhiteTeam "Corsica Chess Club Féminines"]

1. e4 c6 2. d4 d5 3. Nc3 dxe4 4. Nxe4 Bf5 5. Ng3 Bg6 6. Bc4 e6 7. Nf3 Bd6 8.
Ne2 Nf6 9. Bg5 Nbd7 10. c3 O-O 11. Qd2 b5 12. Bd3 Bxd3 13. Qxd3 Be7 14. h3 Nc5
15. Qd2 Nce4 16. Qd1 Nxg5 17. Nxg5 Nd5 18. Nf3 Bd6 19. O-O a5 20. a4 b4 21. c4
Nf4 22. Nxf4 Bxf4 23. Ne5 Bxe5 24. dxe5 Qc7 25. Qd6 Qxd6 26. exd6 c5 27. d7
Rfd8 28. Rfd1 Ra7 29. Rd6 Rdxd7 30. Rb6 h6 31. Rb5 Rdc7 32. Rd1 Kf8 33. Kh2 Ke7
34. f4 Kf6 35. g4 g5 36. f5 exf5 37. Rd5 fxg4 38. hxg4 Kg6 39. Rdxc5 Rxc5 40.
Rxc5 f6 41. Kg3 h5 42. Rf5 hxg4 43. Kxg4 Rh7 44. c5 Rh4+ 45. Kg3 Kxf5 0-1

[Event "ChT Corsica 2007"]
[Site "Porticcio"]
[Date "2007.03.18"]
[Round "1.5"]
[White "Clementi, Charles"]
[Black "Albert, Ghislaine"]
[Result "1-0"]
[WhiteElo "1390"]
[BlackElo "1220"]
[PlyCount "29"]
[EventDate "18.??.??"]
[WhiteTeam "Tour du Nebbiu"]
[BlackTeam "Corsica Chess Club Féminines"]

1. d4 d5 2. e4 dxe4 3. Nc3 Nf6 4. f3 exf3 5. Nxf3 Nc6 6. Be2 Bg4 7. O-O Nxd4 8.
Nxd4 Bxe2 9. Ncxe2 Qd5 10. Nf4 Qd6 11. Be3 e5 12. Nb5 Qxd1 13. Raxd1 Ke7 14.
Bc5+ Ke8 15. Nxc7# 1-0

[Event "ChT Corsica 2007"]
[Site "Porticcio"]
[Date "2007.03.18"]
[Round "1.1"]
[White "Szymanski, Piotr"]
[Black "Humeau, Cyril"]
[Result "0-1"]
[WhiteElo "1899"]
[BlackElo "2162"]
[PlyCount "66"]
[EventDate "18.??.??"]
[WhiteTeam "Vallée du Golo 1"]
[BlackTeam "Corsica Chess Club Dream Team"]

1. d4 d5 2. c4 Nc6 3. Nc3 dxc4 4. Nf3 a6 5. a4 Bg4 6. d5 Na5 7. Ne5 Bd7 8. e4
b5 9. Qf3 Nf6 10. Nxf7 Kxf7 11. e5 Nb3 12. Rb1 Bg4 13. Qf4 Qd7 14. h3 Nxc1 15.
Rxc1 Qf5 16. Qxf5 Bxf5 17. exf6 Bd7 18. Ra1 exf6 19. axb5 Re8+ 20. Kd1 axb5 21.
Be2 Bc5 22. f4 g6 23. f5 Ra8 24. fxg6+ hxg6 25. Kd2 Rhe8 26. Rxa8 Be3+ 27. Ke1
Rxa8 28. Rf1 Ra1+ 29. Bd1 b4 30. Ne4 Bf5 31. Nxf6 c3 32. d6 cxb2 33. d7 Rxd1+
0-1

[Event "ChT Corsica 2007"]
[Site "Porticcio"]
[Date "2007.03.18"]
[Round "1.2"]
[White "Massoni, Michael"]
[Black "Jaquier, Dominique"]
[Result "1-0"]
[WhiteElo "2055"]
[BlackElo "1499"]
[PlyCount "45"]
[EventDate "18.??.??"]
[WhiteTeam "Corsica Chess Club Dream Team"]

1. d4 d5 2. c4 Nf6 3. cxd5 Nxd5 4. e4 Nf6 5. Nc3 Nc6 6. d5 Ne5 7. Bf4 Neg4 8.
h3 Nh6 9. Nb5 e5 10. Bxe5 Bd6 11. Nxd6+ cxd6 12. Bxf6 Qxf6 13. Bb5+ Bd7 14.
Bxd7+ Kxd7 15. Qa4+ Ke7 16. Nf3 Qxb2 17. O-O Qf6 18. Qb4 b6 19. e5 Qg6 20.
exd6+ Qxd6 21. Rfe1+ Kd7 22. Ne5+ Kc7 23. Rac1+ 1-0

[Event "ChT Corsica 2007"]
[Site "Porticcio"]
[Date "2007.03.18"]
[Round "1.4"]
[White "Geronimi, Pierre-Francois"]
[Black "Susini, Lisa"]
[Result "1-0"]
[WhiteElo "1893"]
[BlackElo "1400"]
[PlyCount "33"]
[EventDate "18.??.??"]
[WhiteTeam "Corsica Chess Club Dream Team"]

1. e4 e5 2. Nf3 Nc6 3. d4 d5 4. Bb5 Qd6 5. Bxc6+ bxc6 6. exd5 cxd5 7. dxe5 Qe6
8. O-O Bc5 9. Ng5 Qg4 10. Qxd5 Rb8 11. Qxc5 Bb7 12. f3 Qa4 13. Nc3 Qa6 14. Qxc7
Rc8 15. Qxf7+ Kd8 16. Rd1+ Bd5 17. Rxd5+ 1-0

[Event "ChT Corsica 2007"]
[Site "Porticcio"]
[Date "2007.03.18"]
[Round "1.1"]
[White "Battesti, Marc Andria"]
[Black "Leick, Jean-Marie"]
[Result "1-0"]
[WhiteElo "1963"]
[BlackElo "1499"]
[PlyCount "65"]
[EventDate "18.??.??"]
[WhiteTeam "I Scacchi Di U Centru"]
[BlackTeam "Echiquier Grand Sud"]

1. e4 e5 2. d4 Nc6 3. d5 Nce7 4. c4 d6 5. Nc3 Nf6 6. f4 Bg4 7. Be2 Bxe2 8. Qxe2
Qd7 9. fxe5 Qg4 10. exf6 Qxe2+ 11. Ngxe2 gxf6 12. O-O Bg7 13. Nd4 O-O-O 14. Nf5
Nxf5 15. Rxf5 Rhe8 16. Be3 a6 17. Bd4 Rg8 18. Bxf6 Rde8 19. Bxg7 Rxg7 20. Raf1
Reg8 21. g3 Rf8 22. b4 h6 23. Rf6 h5 24. R1f4 b6 25. c5 Rh8 26. cxb6 h4 27.
Rxf7 Rhg8 28. Rxg7 Rxg7 29. Rxh4 Rd7 30. e5 dxe5 31. Rc4 Kb7 32. Rxc7+ Rxc7 33.
bxc7 1-0

[Event "ChT Corsica 2007"]
[Site "Porticcio"]
[Date "2007.03.18"]
[Round "1.2"]
[White "Giammattei, Joseph"]
[Black "Stubbe, Damien"]
[Result "0-1"]
[WhiteElo "1499"]
[BlackElo "1879"]
[PlyCount "62"]
[EventDate "18.??.??"]
[WhiteTeam "Echiquier Grand Sud"]

1. d4 Nf6 2. c4 g6 3. Nc3 d5 4. e3 Bg7 5. Bd3 O-O 6. Nf3 c6 7. b3 Nbd7 8. O-O
Re8 9. Re1 e5 10. Bc2 e4 11. Nd2 Nf8 12. Bb2 Ne6 13. f3 exf3 14. Qxf3 Ng5 15.
Qg3 Nh5 16. Qh4 Bf6 17. Qf2 Bg4 18. Kh1 Ne6 19. cxd5 cxd5 20. Ne2 Bh4 21. g3
Ng5 22. gxh4 Nh3 23. Qg2 Rxe3 24. Nf4 N5xf4 25. Qxg4 Nf2+ 26. Kg1 Nxg4 27. Rxe3
Nxe3 28. Nf3 Nh3+ 29. Kh1 Qf6 30. Ng5 Qf2 31. Be4 Qg1+ 0-1

[Event "ChT Corsica 2007"]
[Site "Porticcio"]
[Date "2007.03.18"]
[Round "1.3"]
[White "Battesti, Leo"]
[Black "Maurel, Gilles"]
[Result "1-0"]
[WhiteElo "1847"]
[BlackElo "1499"]
[PlyCount "43"]
[EventDate "18.??.??"]
[WhiteTeam "I Scacchi Di U Centru"]
[BlackTeam "Echiquier Grand Sud"]

1. Nf3 Nc6 2. d4 d5 3. c4 Bg4 4. e3 e6 5. Bd3 Nf6 6. O-O e5 7. dxe5 Nxe5 8.
Qa4+ Nc6 9. Ne5 Bd7 10. Nxd7 Qxd7 11. Nc3 Be7 12. cxd5 Nxd5 13. Nxd5 Qxd5 14.
Rd1 Qe6 15. Bd2 O-O 16. Bc3 Bf6 17. Qc2 h6 18. Bf5 Qc4 19. Bh7+ Kh8 20. Bxf6
Qxc2 21. Bxg7+ Kxg7 22. Bxc2 1-0

[Event "ChT Corsica 2007"]
[Site "Porticcio"]
[Date "2007.03.18"]
[Round "1.4"]
[White "Giudicelli, Bernard"]
[Black "Luciani, Jean-Francois"]
[Result "0-1"]
[WhiteElo "1499"]
[BlackElo "1730"]
[PlyCount "52"]
[EventDate "18.??.??"]
[WhiteTeam "Echiquier Grand Sud"]

1. e4 c5 2. Nf3 Nc6 3. d4 cxd4 4. Nxd4 Nf6 5. Nc3 d6 6. Be2 e6 7. O-O Be7 8.
Kh1 O-O 9. f4 a6 10. Bf3 Bd7 11. e5 dxe5 12. Nxc6 Bxc6 13. Bxc6 bxc6 14. fxe5
Nd5 15. Ne4 Qb6 16. Qf3 Qd4 17. Bf4 Qxb2 18. Rab1 Qxa2 19. Rb7 Qc4 20. Bg5 f6
21. Rxe7 fxg5 22. Rf7 Rfb8 23. Nxg5 Qc3 24. Qh5 Qxc2 25. Rxg7+ Kxg7 26. Rf7+
Kg8 0-1

[Event "ChT Corsica 2007"]
[Site "Porticcio"]
[Date "2007.03.18"]
[Round "1.5"]
[White "Stubbe, Thierry"]
[Black "Leick, Rolande"]
[Result "1-0"]
[WhiteElo "1499"]
[BlackElo "1290"]
[PlyCount "68"]
[EventDate "18.??.??"]
[WhiteTeam "I Scacchi Di U Centru"]
[BlackTeam "Echiquier Grand Sud"]

1. e4 e5 2. d4 Nc6 3. d5 Nd4 4. Nf3 d6 5. Nxd4 exd4 6. Qxd4 Nf6 7. Bd3 Qe7 8.
O-O g6 9. Bg5 Bg7 10. Nc3 Bd7 11. Nb5 O-O 12. Nxc7 Rac8 13. Nb5 a6 14. Nc3 Rce8
15. Rfe1 h6 16. Bh4 g5 17. Bg3 Ng4 18. Qb6 Be5 19. Ne2 Bc8 20. f4 Qd8 21. Qb3
Bf6 22. Qb4 Ne3 23. fxg5 Bxg5 24. Bxd6 Be7 25. Bxe7 Qxe7 26. Qd4 Qg5 27. Ng3 f6
28. Rxe3 Rd8 29. e5 f5 30. Rf1 Be6 31. c4 h5 32. Rff3 Rf7 33. Nxf5 Bxf5 34.
Rxf5 Rg7 1-0

[Event "ChT Corsica 2007"]
[Site "Porticcio"]
[Date "2007.03.18"]
[Round "1.1"]
[White "Costa, Alain"]
[Black "Lorenzi, Philippe"]
[Result "0-1"]
[WhiteElo "1540"]
[BlackElo "1878"]
[PlyCount "50"]
[EventDate "18.??.??"]
[WhiteTeam "Vallée du Golo 2"]
[BlackTeam "Casinca 1"]

1. e4 e5 2. Nc3 Nf6 3. Bc4 Bc5 4. d3 Nc6 5. Bg5 Be7 6. Nf3 d6 7. Bb5 O-O 8. Qd2
Nd4 9. Bc4 c6 10. Nxd4 exd4 11. Ne2 c5 12. Bb3 a5 13. c3 dxc3 14. Nxc3 a4 15.
Bd1 Be6 16. O-O Qb6 17. Rc1 Rfe8 18. Bf3 Rad8 19. h3 Nd7 20. Be3 Qc7 21. Ne2
Ne5 22. Bh5 g6 23. Ng3 Bxh3 24. gxh3 gxh5 25. Nxh5 Nf3+ 0-1

[Event "ChT Corsica 2007"]
[Site "Porticcio"]
[Date "2007.03.18"]
[Round "2.1"]
[White "Mencacci, Tiphanie"]
[Black "Dehainault, Christian"]
[Result "1-0"]
[WhiteElo "1567"]
[BlackElo "1680"]
[PlyCount "61"]
[EventDate "18.03.07"]
[WhiteTeam "Corsica Chess Club Féminines"]
[BlackTeam "Echecs Club du Fium'Orbu 1"]

1. e4 d6 2. d4 Nf6 3. Nc3 g6 4. Bc4 Bg7 5. Nge2 O-O 6. O-O Nc6 7. Be3 e5 8. Qd2
Nd7 9. Rad1 Re8 10. Bb3 a6 11. Bh6 Bh8 12. dxe5 Ncxe5 13. Qd5 Qe7 14. f4 Nb6
15. Qd2 Nec4 16. Qc1 Bg4 17. Rfe1 Bxe2 18. Rxe2 Bxc3 19. bxc3 Na5 20. Qd2 Nc6
21. f5 Ne5 22. fxg6 hxg6 23. Bg5 Qf8 24. Bh6 Qe7 25. Bg5 Qf8 26. Bf6 Nbd7 27.
Qg5 Nxf6 28. Qxf6 Re7 29. Rf2 Rd8 30. Rf4 Rde8 31. Rh4 1-0

[Event "ChT Corsica 2007"]
[Site "Porticcio"]
[Date "2007.03.18"]
[Round "2.3"]
[White "Querci, Claude"]
[Black "Stolfi, Marie-Noelle"]
[Result "0-1"]
[WhiteElo "1290"]
[BlackElo "1590"]
[PlyCount "34"]
[EventDate "18.03.07"]
[WhiteTeam "Corsica Chess Club Féminines"]
[BlackTeam "Echecs Club du Fium'Orbu 1"]

1. e4 e5 2. Nf3 Nc6 3. d4 exd4 4. Nxd4 Nxd4 5. Qxd4 d6 6. Bc4 c5 7. Qd1 Nf6 8.
Nc3 a6 9. O-O Be7 10. Bg5 O-O 11. Qd2 Ng4 12. Bxe7 Qxe7 13. h3 Ne5 14. Nd5 Qd8
15. Bb3 b5 16. c3 Bxh3 17. gxh3 Nf3+ 0-1

[Event "ChT Corsica 2007"]
[Site "Porticcio"]
[Date "2007.03.18"]
[Round "2.1"]
[White "Humeau, Cyril"]
[Black "Geronimi, Didier"]
[Result "1-0"]
[WhiteElo "2162"]
[BlackElo "1802"]
[PlyCount "83"]
[EventDate "18.03.07"]
[WhiteTeam "Corsica Chess Club Dream Team"]
[BlackTeam "Corsica Chess Club 2"]

1. b4 d6 2. Bb2 Nf6 3. c4 Bf5 4. d3 c5 5. e4 Bd7 6. b5 e5 7. Be2 Qb6 8. a4 a5
9. Nf3 Na6 10. O-O Nc7 11. Qd2 Ne6 12. g3 Be7 13. Kg2 Nh5 14. Nc3 Qd8 15. Nd5
Ng5 16. Nxe7 Bh3+ 17. Kg1 Nxf3+ 18. Bxf3 Nxg3 19. fxg3 Qxe7 20. Bg2 Bxg2 21.
Qxg2 O-O 22. Bc3 b6 23. Ra2 f6 24. Raf2 h6 25. h3 Rf7 26. Kh2 Raf8 27. Bd2 Qe6
28. Qf3 g5 29. Qh5 Rh7 30. Kg2 Kg7 31. Be3 Qf7 32. Qxf7+ Rxf7 33. g4 Kg6 34. h4
gxh4 35. Rh1 h3+ 36. Rxh3 h5 37. Rh4 Kg7 38. gxh5 Kf8 39. h6 Ke7 40. Rg4 Ke6
41. Rg8 f5 42. Rg6+ 1-0

[Event "ChT Corsica 2007"]
[Site "Porticcio"]
[Date "2007.03.18"]
[Round "2.2"]
[White "Morganti, Noel"]
[Black "Massoni, Michael"]
[Result "0-1"]
[WhiteElo "1678"]
[BlackElo "2055"]
[PlyCount "42"]
[EventDate "18.03.07"]
[WhiteTeam "Corsica Chess Club 2"]

1. e4 e6 2. d4 c5 3. c3 d5 4. exd5 exd5 5. Bb5+ Nc6 6. Bxc6+ bxc6 7. Nf3 Bd6 8.
O-O Ne7 9. Bg5 O-O 10. Nbd2 h6 11. Bh4 Rb8 12. Qc1 Qb6 13. b3 Nf5 14. dxc5 Qxc5
15. Kh1 Nxh4 16. Nxh4 Be5 17. Nb1 Ba6 18. Re1 Bf6 19. Nf3 Qxf2 20. Ne5 Bxe5 21.
Rxe5 Bf1 0-1

[Event "ChT Corsica 2007"]
[Site "Porticcio"]
[Date "2007.03.18"]
[Round "2.3"]
[White "Geronimi, Pierre-Francois"]
[Black "Bigonnet, Jean-Michel"]
[Result "0-1"]
[WhiteElo "1893"]
[BlackElo "1660"]
[PlyCount "78"]
[EventDate "18.03.07"]
[WhiteTeam "Corsica Chess Club Dream Team"]
[BlackTeam "Corsica Chess Club 2"]

1. e4 c5 2. Nf3 Nc6 3. d4 cxd4 4. Nxd4 e5 5. Nb5 d6 6. N1c3 a6 7. Na3 b5 8. Nd5
Nge7 9. c3 f5 10. Be3 Nxd5 11. Qxd5 Bd7 12. exf5 Rc8 13. g4 Qc7 14. Bg2 b4 15.
cxb4 Nxb4 16. Qd2 a5 17. O-O h5 18. Rac1 Qd8 19. Bg5 Be7 20. Bxe7 Qxe7 21. Nb5
d5 22. Bxd5 Rxc1 23. Rxc1 hxg4 24. Nc7+ Kf8 25. Ne6+ Ke8 26. Rc7 Qh4 27. Rxd7
Qxh2+ 28. Kf1 Kxd7 29. Bb7+ Ke7 30. Qg5+ Kd6 31. Nxg7 Qh3+ 32. Ke1 Qh6 33. Ne8+
Kd7 34. Nf6+ Kc7 35. Ne8+ Kxb7 36. Qe7+ Ka6 37. Nc7+ Kb6 38. Qd7 Qc1+ 39. Ke2
Qxc7 0-1

[Event "ChT Corsica 2007"]
[Site "Porticcio"]
[Date "2007.03.18"]
[Round "2.4"]
[White "Utrera, Ludovic"]
[Black "Gil, Ludovic"]
[Result "0-1"]
[WhiteElo "1720"]
[BlackElo "1848"]
[PlyCount "102"]
[EventDate "18.03.07"]
[WhiteTeam "Corsica Chess Club 2"]

1. e4 c5 2. Nf3 Nc6 3. c3 d5 4. exd5 Qxd5 5. d4 g6 6. Bb5 Bd7 7. O-O Bg7 8.
dxc5 Qxc5 9. Bxc6 Bxc6 10. Be3 Qb5 11. b3 Nf6 12. Nd4 Qd5 13. Nxc6 Qxc6 14. Bd4
O-O 15. Na3 Rfd8 16. Qe2 e6 17. Qb2 Qd6 18. Nc4 Qc7 19. Rad1 Ng4 20. g3 Bxd4
21. Rxd4 Rxd4 22. cxd4 Rc8 23. Qd2 b5 24. Ne3 Nf6 25. Qb4 a6 26. Rd1 Qb7 27. a4
Qf3 28. Rf1 Nd5 29. Nxd5 Qxd5 30. Rd1 Qf3 31. Rb1 Qc3 32. Qxc3 Rxc3 33. axb5
axb5 34. Kf1 Rd3 35. Ke2 Rxd4 36. Ke3 Rd5 37. Rc1 Kf8 38. Rc8+ Ke7 39. h4 h5
40. f3 Kd7 41. Rf8 Ke7 42. Rc8 Rd1 43. Rc5 Rd5 44. Rc8 Kf6 45. g4 hxg4 46. fxg4
e5 47. Rc6+ Kg7 48. Ke4 Rd4+ 49. Kxe5 Rxg4 50. Rb6 Rxh4 51. Kd6 Rb4 0-1

[Event "ChT Corsica 2007"]
[Site "Porticcio"]
[Date "2007.03.18"]
[Round "2.5"]
[White "Luciani, Thibault"]
[Black "Geronimi, Paul-Antoine"]
[Result "0-1"]
[WhiteElo "1726"]
[BlackElo "1708"]
[PlyCount "94"]
[EventDate "18.03.07"]
[WhiteTeam "Corsica Chess Club Dream Team"]
[BlackTeam "Corsica Chess Club 2"]

1. e4 c5 2. Nc3 e6 3. g3 a6 4. Bg2 Qc7 5. d3 Nf6 6. f4 b5 7. e5 Bb7 8. Nf3 Nd5
9. Nxd5 Bxd5 10. O-O c4 11. d4 Nc6 12. c3 g6 13. Bd2 Bg7 14. Rc1 O-O 15. Re1
Rfe8 16. Be3 Rad8 17. Bf2 a5 18. Nh4 Bxg2 19. Nxg2 d5 20. Ne3 b4 21. Qa4 Ra8
22. Rb1 Reb8 23. Qc2 b3 24. axb3 cxb3 25. Qe2 a4 26. Nf1 a3 27. bxa3 Rxa3 28.
Qd3 b2 29. Qd2 Ra2 30. Kg2 Na5 31. Qc2 Nc4 32. Qd3 Qa5 33. Nd2 Nxd2 34. Qxd2
Qa3 35. Re2 Qb3 36. Qc2 Qxc2 37. Rxc2 Bf8 38. Kf3 Ba3 39. Rd2 Rb3 40. Rdd1
Rxc3+ 41. Be3 Bb4 42. Rd2 Rb3 43. Rc2 Bc3 44. f5 Rba3 45. f6 Rb3 46. h3 h5 47.
g4 Ra1 0-1